[Event "International chess holiday M21"]
[Site "Praha"]
[Date "2014.07.30"]
[Round "6"]
[White "Koubek, Vaclav"]
[Black "Scherer, Frank"]
[Result "0-1"]
[WhiteElo "2057"]
[BlackElo "2063"]

{79MB} 1. e4 c6 2. d4 d5 3. e5 Bf5 4. Nc3 e6 5. g4 Bg6 6. Nge2 c5 7. Be3 Nc6
8. Nf4 cxd4 9. Nxg6 hxg6 10. Bxd4 a6 11. a3 Nxd4 12. Qxd4 Ne7 13. O-O-O Nc6 14.
Qd2 b5 15. Qe3 b4 16. Nxd5 exd5 17. e6 Be7 18. exf7+ Kf8 19. Bc4 bxa3 20. Rxd5
axb2+ 21. Kb1 Qc7 22. Qe6 Rd8 23. Rhd1 Rxd5 24. Bxd5 Nd8 25. Qxa6 Rxh2 26. Qxg6
Rh6 27. Qf5 Qa5 28. Ba2 Ra6 0-1

[Event "International chess holiday M21"]
[Site "Praha"]
[Date "2014.07.30"]
[Round "6"]
[White "Michalek, Frantisek"]
[Black "Bilek, Roman"]
[Result "1-0"]
[WhiteElo "2058"]
[BlackElo "1958"]

1. e4 c5 2. Nf3 Nc6 3. Nc3 Nf6 4. d4 cxd4 5. Nxd4 e5 6. Ndb5 d6 7. a4
a6 8. Na3 Be6 9. Bc4 Be7 10. O-O O-O 11. Bg5 Nxe4 12. Nxe4 Bxg5 13. Bxe6 fxe6
14. Qxd6 Qxd6 15. Nxd6 Be7 16. Ne4 Rad8 17. c3 Rd5 18. Nc4 b5 19. axb5 axb5 20.
Ne3 Rd7 21. Ra6 Rc8 22. Rfa1 b4 23. Ra8 Rdc7 24. Rxc8+ Rxc8 25. Kf1 bxc3 26.
bxc3 h5 27. Ke2 Nd8 28. Ra5 Nf7 29. Kd3 g6 30. Nc4 Ng5 31. Nxg5 Bxg5 32. Rxe5
Rd8+ 33. Kc2 Bf4 34. Rxe6 Kf7 35. Ra6 Bxh2 36. g3 Rd5 37. Ne3 Rd7 38. Ra1 h4
39. gxh4 Bf4 40. Ra4 Be5 41. Ng4 Bg7 42. Rc4 Ke6 43. Rc6+ Kf5 44. Ne3+ Ke4 45.
Rxg6 Kf3 46. Nd1 Be5 47. Ne3 Bf4 48. Rf6 Kxf2 49. Rxf4+ Kxe3 50. Ra4 Rd2+ 51.
Kb3 Rh2 52. Rd4 Rh1 53. Kc4 Rc1 54. Rd8 Rh1 55. Rh8 Rh3 56. Kd5 Kd3 57. c4 Rf3
58. c5 Rf5+ 59. Kd6 Kc4 60. c6 Rd5+ 61. Kc7 Kb5 62. Kb7 Rf5 63. c7 Rf7 64. Kb8
1-0

[Event "International chess holiday M21"]
[Site "Praha"]
[Date "2014.07.30"]
[Round "6"]
[White "Nilsson, Patrik"]
[Black "Hanl, Frantisek"]
[Result "1-0"]
[WhiteElo "2121"]
[BlackElo "1958"]

1. e4 c5 2. c3 e6 3. d4 d5 4. e5 Nc6 5. Nf3 Qb6 6. Bd3 Bd7 7. O-O cxd4
8. cxd4 Nxd4 9. Nbd2 Nc6 10. Nb3 Nge7 11. Be3 Qc7 12. Rc1 Ng6 13. Nc5 Bxc5 14.
Bxc5 Ngxe5 15. Nxe5 Qxe5 16. Qd2 Qf6 17. Rfe1 b6 18. Ba3 Qh6 19. Qd1 a6 20. Qa4
Ne5 21. Qb4 Qg5 22. Be2 Ng6 23. Qxb6 Nf4 24. Bf1 Rd8 25. g3 Ng6 26. Bxa6 Ne7
27. Qb4 d4 28. Qxd4 Bc6 29. Qb4 O-O 30. Qxe7 Qd5 31. Rxc6 Qxc6 32. Qb7 Qc2 33.
Bxf8 Rxf8 34. Qb3 Qf5 35. Bd3 1-0

[Event "International chess holiday K21"]
[Site "Praha"]
[Date "2014.07.30"]
[Round "6"]
[White "Andersson, Stefan"]
[Black "Thomasson, Staffan"]
[Result "1-0"]
[WhiteElo "1902"]
[BlackElo "1882"]
[Annotator "Koller,Martin"]
[PlyCount "90"]
[TimeControl "240+2"]

1. d4 Nf6 2. c4 g6 3. Nf3 Bg7 4. g3 d5 5. cxd5 Nxd5 6. Bg2 O-O 7. O-O
c6 8. Nc3 Bg4 9. e4 Nb6 10. Be3 Nc4 11. Qb3 Nxe3 12. fxe3 Qb6 13. Qc2 Bh6 14.
Rae1 Nd7 15. Na4 Qa5 16. a3 Rac8 17. b4 Qc7 18. Qb3 b6 19. Nb2 c5 20. Rc1 Qb8
21. Rce1 cxb4 22. Qxb4 Rc2 23. Nc4 Qc7 24. Nfd2 b5 25. Qxb5 Nb6 26. Ne5 Bc8 27.
Qb4 Qc3 28. Qxc3 Rxc3 29. Rf3 f6 30. Nb1 Rc2 31. Nd3 Bg4 32. Rf2 Rxf2 33. Kxf2
Nc4 34. h3 Bc8 35. Nf4 e5 36. Nd5 Bb7 37. Nbc3 f5 38. exf5 Rxf5+ 39. Ke2 Rf7
40. Rb1 Ba6 41. Nb4 Bc8 42. Bd5 Nxe3 43. Bxf7+ Kxf7 44. dxe5 Bxh3 45. Rh1 Bg4+
1-0

[Event "International chess holiday K21"]
[Site "Praha"]
[Date "2014.07.30"]
[Round "6"]
[White "Lammers, Frank"]
[Black "Skopec, Lubos"]
[Result "1/2-1/2"]
[WhiteElo "1999"]
[BlackElo "1959"]
[Annotator "Koller,Martin"]
[PlyCount "124"]
[TimeControl "240+2"]

1. d4 d5 2. Bf4 Bf5 3. e3 e6 4. Nf3 Bd6 5. Bg3 Ne7 6. Nbd2 Nd7 7. Nh4
Nf6 8. Nxf5 Nxf5 9. Bxd6 Qxd6 10. c3 O-O 11. Bd3 Rfe8 12. O-O b6 13. Qc2 g6 14.
c4 Ng4 15. g3 Nfxe3 16. fxe3 Nxe3 17. Qc3 Nxf1 18. Rxf1 c5 19. Nf3 dxc4 20.
Bxc4 cxd4 21. Qxd4 Qxd4+ 22. Nxd4 Red8 23. Nf3 Kg7 24. b3 Rd6 25. Rf2 f6 26.
Nd2 Rf8 27. Kg2 e5 28. Ne4 Rd4 29. Nc3 Rfd8 30. a4 Rd2 31. h4 f5 32. Nb5 Rxf2+
33. Kxf2 Rd7 34. Ke3 Kf6 35. Nc3 h6 36. Nd5+ Kg7 37. Nc3 g5 38. hxg5 hxg5 39.
Be6 f4+ 40. gxf4 exf4+ 41. Ke4 Rd2 42. Kf5 Kh6 43. Bc4 Kh5 44. Ne4 Rg2 45. Bd5
Rg1 46. Nd2 Rc1 47. Bf7+ Kh4 48. Nf3+ Kg3 49. Nxg5 f3 50. Ne4+ Kg2 51. Nd2 Rc5+
52. Kf4 f2 53. Bc4 Rc8 54. Ke3 Re8+ 55. Kd4 Rf8 56. Kc3 Rd8 57. Nf1 Kf3 58.
Nd2+ Kg2 59. Nf1 Rc8 60. Ne3+ Kf3 61. Nf1 Rd8 62. Nd2+ Kg2 1/2-1/2

[Event "International chess holiday K21"]
[Site "Praha"]
[Date "2014.07.30"]
[Round "6"]
[White "Reichmann, Steffen"]
[Black "Klamp, Cristoph"]
[Result "0-1"]
[WhiteElo "1966"]
[BlackElo "2053"]
[Annotator "Koller,Martin"]
[PlyCount "56"]
[TimeControl "240+2"]

1. e4 c5 2. a3 Nc6 3. b4 cxb4 4. axb4 Nxb4 5. d4 d6 6. c3 Nc6 7. Nf3
Nf6 8. Bd3 g6 9. O-O Bg7 10. h3 O-O 11. Be3 b6 12. Na3 Bb7 13. Nd2 Nd7 14. f4
Na5 15. e5 dxe5 16. fxe5 Nxe5 17. Bc2 Nd7 18. Ne4 Nf6 19. Ng5 Bd5 20. Bd3 Rc8
21. Qe1 Qd7 22. Rf2 h6 23. Nf3 Bxf3 24. Rxf3 Nd5 25. Bd2 Nb3 26. Bb5 Qd6 27.
Ra2 Nxd2 28. Qxd2 Nxc3 0-1

[Event "International chess holiday K21"]
[Site "Praha"]
[Date "2014.07.30"]
[Round "6"]
[White "Vesely, Jaromir"]
[Black "Schoenmakers, Nico"]
[Result "1-0"]
[WhiteElo "1949"]
[BlackElo "1885"]
[Annotator "Koller,Martin"]
[PlyCount "89"]
[TimeControl "240+2"]

1. d4 d5 2. c4 e6 3. Nc3 c6 4. e3 Nf6 5. Nf3 Nbd7 6. cxd5 exd5 7. Bd3
Bd6 8. O-O O-O 9. Bd2 Re8 10. Ne2 Ne4 11. Ng3 Bxg3 12. hxg3 Ndf6 13. Ne5 Nxd2
14. Qxd2 Ne4 15. Qc2 f6 16. Nf3 Qe7 17. Bxe4 Qxe4 18. Qxe4 Rxe4 19. Rfc1 Bd7
20. Rc3 Rae8 21. b4 a6 22. a4 R4e6 23. Nd2 R6e7 24. Nb3 Rf7 25. Nc5 Bc8 26. b5
axb5 27. axb5 cxb5 28. Rb3 b6 29. Nd3 Bd7 30. Ra6 Rb8 31. Nb4 Bc8 32. Ra1 Be6
33. Rc1 Ra8 34. Rc6 Ra1+ 35. Kh2 Re7 36. Rxb6 Rf1 37. f3 Kf7 38. Rxb5 Rc7 39.
Nxd5 Bxd5 40. Rxd5 Rc2 41. Rd7+ Kg6 42. Rbb7 Rxf3 43. Rxg7+ Kf5 44. e4+ Ke6 45.
Rb6+ 1-0

[Event "International chess holiday K21"]
[Site "Praha"]
[Date "2014.07.30"]
[Round "6"]
[White "Wolf, Ulrich"]
[Black "Koubek, Vaclav"]
[Result "1-0"]
[WhiteElo "2071"]
[BlackElo "2033"]
[Annotator "Koller,Martin"]
[PlyCount "79"]
[TimeControl "240+2"]

1. Nf3 Nf6 2. c4 g6 3. b3 Bg7 4. Bb2 O-O 5. g3 d6 6. d3 b6 7. Bg2 Bb7
8. O-O Nbd7 9. Qc2 e5 10. e4 a5 11. a3 Nc5 12. Nbd2 Nfd7 13. d4 exd4 14. Bxd4
Ne6 15. Bxg7 Kxg7 16. Rad1 Qf6 17. Nb1 Ndc5 18. Nc3 Rfe8 19. Rfe1 Nf8 20. Nd4
Nfe6 21. Nxe6+ Qxe6 22. Nd5 Bxd5 23. cxd5 Qd7 24. Rc1 Re7 25. Re3 f5 26. Qc3+
Kg8 27. e5 Rxe5 28. Rxe5 dxe5 29. b4 axb4 30. axb4 Na4 31. Qxe5 Re8 32. Qxc7
Qxc7 33. Rxc7 Re1+ 34. Bf1 Rd1 35. Kg2 Kf8 36. Bb5 Nb2 37. Rd7 Nd3 38. d6 Nxb4
39. Rd8+ Kf7 40. d7 1-0

[Event "International chess holiday M21"]
[Site "Praha"]
[Date "2014.07.31"]
[Round "7"]
[White "Bilek, Roman"]
[Black "Barthel, Ansgar"]
[Result "0-1"]
[WhiteElo "1958"]
[BlackElo "2226"]
[Annotator "Koller,Martin"]
[PlyCount "79"]
[TimeControl "240+2"]

1. d4 d5 2. c4 Nc6 3. Nf3 Bg4 4. Nc3 e6 5. cxd5 exd5 6. Bf4 Bd6 7. Bxd6
Qxd6 8. e3 Nf6 9. Be2 O-O 10. O-O Ne4 11. Nxe4 dxe4 12. Nd2 Bxe2 13. Qxe2 f5
14. a3 Ne7 15. Rfc1 Nd5 16. Nc4 Qe6 17. g3 Rf6 18. Ne5 c6 19. b4 a6 20. Rc5
Raf8 21. a4 Nxb4 22. Rb1 b6 23. Rc3 c5 24. a5 cxd4 25. exd4 bxa5 26. Rc5 Rd8
27. Rxa5 Rxd4 28. Qb2 Qd6 29. Qb3+ Kf8 30. Ra4 Qxe5 31. Rxb4 Rxb4 32. Qxb4+ Qd6
33. Qb7 Kg8 34. Qc8+ Rf8 35. Qc4+ Kh8 36. Rb7 Qd1+ 37. Kg2 Qf3+ 38. Kh3 Qxf2
39. Qf7 Qf1+ 40. Kh4 0-1

[Event "International chess holiday M21"]
[Site "Praha"]
[Date "2014.07.31"]
[Round "7"]
[White "Dalling, Peter"]
[Black "Gregor, Jiri"]
[Result "0-1"]
[WhiteElo "1907"]
[BlackElo "2307"]
[Annotator "Koller,Martin"]
[PlyCount "90"]
[TimeControl "240+2"]

1. e4 c6 2. d4 d5 3. e5 Bf5 4. Bd3 Bxd3 5. Qxd3 e6 6. c3 Qc7 7. Nf3 a6
8. O-O c5 9. dxc5 Bxc5 10. Be3 Nd7 11. Nbd2 Rc8 12. Rfe1 Ne7 13. Nb3 Bxe3 14.
Qxe3 h6 15. Nbd4 Nc5 16. Nd2 b5 17. f4 g6 18. Rac1 Na4 19. Rc2 Nf5 20. Nxf5
gxf5 21. Nf3 O-O 22. Nd4 Kh7 23. Qh3 Rg8 24. Rec1 Rg4 25. Qf3 Rcg8 26. Kh1 Nc5
27. b3 Ne4 28. Qe3 Qc5 29. Rf1 Rc8 30. Rfc1 Rcg8 31. Rf1 Rh4 32. Rf3 Rhg4 33.
Rh3 a5 34. Rf3 Rb8 35. Rf1 Qb6 36. Rf3 b4 37. c4 dxc4 38. Rxc4 Nc3 39. Rc6 Qd8
40. Rd6 Qg8 41. Rh3 Qg6 42. Nxe6 fxe6 43. Qa7+ Qg7 44. Rd7 Rd8 45. Rxg7+ Rxg7
0-1

[Event "International chess holiday M21"]
[Site "Praha"]
[Date "2014.07.31"]
[Round "7"]
[White "Hanl, Frantisek"]
[Black "Koubek, Vaclav"]
[Result "1-0"]
[WhiteElo "1958"]
[BlackElo "2057"]
[Annotator "Koller,Martin"]
[PlyCount "65"]
[TimeControl "240+2"]

1. e4 e5 2. Nc3 Nc6 3. Bc4 Bc5 4. Qg4 Qf6 5. Nd5 Qxf2+ 6. Kd1 Kf8 7.
Nh3 Qd4 8. d3 Nf6 9. Nxf6 gxf6 10. Bh6+ Ke8 11. Bxf7+ Kd8 12. Qf3 Be7 13. c3
Qd6 14. Bg7 Rf8 15. Bxf8 Bxf8 16. Kc2 b6 17. Rad1 a5 18. Rhf1 Be7 19. Nf2 b5
20. Ng4 b4 21. Nxf6 bxc3 22. bxc3 Qa3 23. Qg3 d5 24. Qg8+ Bf8 25. Bxd5 Rb8 26.
Rb1 Nd4+ 27. cxd4 exd4 28. Bb3 a4 29. Qd5+ Bd6 30. Nxh7 axb3+ 31. axb3 Bd7 32.
Ra1 Qb4 33. Qc4 1-0

[Event "International chess holiday M21"]
[Site "Praha"]
[Date "2014.07.31"]
[Round "7"]
[White "Scherer, Frank"]
[Black "Michalek, Frantisek"]
[Result "1/2-1/2"]
[WhiteElo "2063"]
[BlackElo "2058"]
[Annotator "Koller,Martin"]
[PlyCount "42"]
[TimeControl "240+2"]

1. e4 e5 2. Nf3 Nc6 3. d4 exd4 4. Nxd4 Nxd4 5. Qxd4 Ne7 6. Bg5 h6 7.
Bd2 Nc6 8. Qe3 Be7 9. Nc3 Bf6 10. O-O-O d6 11. Nd5 Bd4 12. Qg3 Be6 13. f4 Bxd5
14. exd5 Ne7 15. Bc3 Bxc3 16. Qxc3 O-O 17. Qd2 Qd7 18. Be2 Rfd8 19. g4 c6 20.
Bf3 Nxd5 21. Bxd5 cxd5 1/2-1/2

[Event "International chess holiday K21"]
[Site "Praha"]
[Date "2014.07.31"]
[Round "7"]
[White "Klamp, Cristoph"]
[Black "Vesely, Jaromir"]
[Result "1/2-1/2"]
[WhiteElo "2053"]
[BlackElo "1949"]
[Annotator "Koller,Martin"]
[PlyCount "54"]
[TimeControl "240+2"]

1. Nf3 Nf6 2. c4 c6 3. d4 d5 4. Qc2 g6 5. Bf4 Bg7 6. e3 Bf5 7. Qb3 Qb6
8. c5 Qxb3 9. axb3 Nbd7 10. b4 Bxb1 11. Rxb1 a6 12. h3 Ne4 13. Bd3 O-O 14. Ra1
Rfe8 15. Ke2 e5 16. dxe5 Nxe5 17. Bxe4 dxe4 18. Nxe5 Bxe5 19. Bxe5 Rxe5 20.
Rhd1 Kf8 21. Rd7 Re7 22. Rd6 f5 23. h4 Rae8 24. Rad1 Re6 25. Rd7 R6e7 26. R7d6
Re6 27. Rd7 R6e7 1/2-1/2

[Event "International chess holiday K21"]
[Site "Praha"]
[Date "2014.07.31"]
[Round "7"]
[White "Koubek, Vaclav"]
[Black "Reichmann, Steffen"]
[Result "0-1"]
[WhiteElo "2033"]
[BlackElo "1966"]
[Annotator "Koller,Martin"]
[PlyCount "63"]
[TimeControl "240+2"]

1. e4 d6 2. Nc3 Nf6 3. Nf3 g6 4. d4 Bg7 5. Be3 O-O 6. Qd2 c6 7. Bh6 b5
8. a3 Qc7 9. h4 Bg4 10. Be2 e5 11. d5 a6 12. dxc6 Nxc6 13. O-O-O Bxf3 14. gxf3
Nd4 15. h5 Rfc8 16. Bxg7 Kxg7 17. hxg6 fxg6 18. Rdg1 Kg8 19. Bd1 a5 20. f4 Nxe4
21. Qe3 Nxc3 22. bxc3 Qxc3 23. Qxc3 Rxc3 24. fxe5 dxe5 25. Rg5 Re8 26. Kb2 Rc7
27. c3 Nc6 28. Re1 Kg7 29. a4 Kf6 30. Rg4 b4 31. cxb4 Nxb4 32. Rge4 0-1

[Event "International chess holiday K21"]
[Site "Praha"]
[Date "2014.07.31"]
[Round "7"]
[White "Schoenmakers, Nico"]
[Black "Andersson, Stefan"]
[Result "0-1"]
[WhiteElo "1885"]
[BlackElo "1902"]
[Annotator "Koller,Martin"]
[PlyCount "93"]
[TimeControl "240+2"]

1. e4 e5 2. Nf3 Nc6 3. Bb5 d6 4. d4 exd4 5. Nxd4 Bd7 6. Bxc6 Bxc6 7.
Nxc6 bxc6 8. Nc3 g6 9. b3 Bg7 10. Bb2 Ne7 11. Na4 Bxb2 12. Nxb2 O-O 13. c4 c5
14. O-O f5 15. exf5 Rxf5 16. Rc1 Qd7 17. Rc3 Raf8 18. Rh3 Nc6 19. Qd2 Nd4 20.
Nd1 Rf4 21. Rg3 Rg4 22. Rxg4 Qxg4 23. Qd3 Re8 24. Ne3 Qh5 25. Nd5 Qg5 26. Nxc7
Re2 27. Nb5 Rd2 28. Qe4 Ne2+ 29. Kh1 Nf4 30. g3 Nd3 31. Kg1 Ne5 32. Kg2 Qf6 33.
Qa8+ Kg7 34. Qb7+ Kh6 35. Qe4 Rxa2 36. Nc3 Rb2 37. Nd5 Qg5 38. h4 Qg4 39. Nf4
Rxb3 40. Qa8 Qf5 41. Qd8 Rb2 42. Qxd6 Ng4 43. Kg1 a5 44. h5 a4 45. hxg6 hxg6
46. Qc6 a3 neèitelné 0-1

[Event "International chess holiday K21"]
[Site "Praha"]
[Date "2014.07.31"]
[Round "7"]
[White "Skopec, Lubos"]
[Black "Wolf, Ulrich"]
[Result "1/2-1/2"]
[WhiteElo "1959"]
[BlackElo "2071"]
[Annotator "Koller,Martin"]
[PlyCount "43"]
[TimeControl "240+2"]

1. e4 c5 2. f4 d6 3. Nf3 e6 4. Bb5+ Bd7 5. Bxd7+ Qxd7 6. Nc3 Nc6 7. d3
g6 8. O-O Bg7 9. Ne2 Nge7 10. c3 d5 11. exd5 Qxd5 12. d4 O-O 13. Be3 Nf5 14.
Bf2 cxd4 15. Nexd4 Nfxd4 16. Nxd4 Nxd4 17. Bxd4 Bxd4+ 18. Qxd4 Qxd4+ 19. cxd4
Rfd8 20. Rfd1 Rd7 21. Rd2 Rad8 22. Rad1 1/2-1/2

[Event "International chess holiday K21"]
[Site "Praha"]
[Date "2014.07.31"]
[Round "7"]
[White "Thomasson, Staffan"]
[Black "Lammers, Frank"]
[Result "0-1"]
[WhiteElo "1882"]
[BlackElo "1999"]
[Annotator "Koller,Martin"]
[PlyCount "115"]
[TimeControl "240+2"]

1. d4 e6 2. Nf3 d5 3. Bg5 Ne7 4. e3 h6 5. Bh4 g5 6. Bg3 Nf5 7. Be5 f6
8. g4 Nd6 9. Bg3 Ne4 10. Bd3 Nxg3 11. Bg6+ Kd7 12. hxg3 c6 13. Qe2 Kc7 14. Nbd2
Nd7 15. c4 Bg7 16. cxd5 exd5 17. b4 a6 18. a4 Nb6 19. O-O Bxg4 20. Rfc1 Qe7 21.
Bd3 f5 22. a5 Nc8 23. b5 axb5 24. Bxb5 Nd6 25. a6 Rhb8 26. a7 Rc8 27. Bxc6 bxc6
28. Qa6 Kd7 29. Rab1 Bxf3 30. Nxf3 Rc7 31. Rb8 Raxa7 32. Qb6 Rab7 33. Rxb7 Nxb7
34. Ra1 Nd6 35. Ra8 Rb7 36. Qa5 Ke6 37. Rg8 Kf7 38. Qa8 Rb1+ 39. Kg2 Ne8 40.
Rxg7+ Kxg7 41. Ne5 Rc1 42. Qa2 Qb7 43. g4 fxg4 44. Qa3 Rb1 45. Qd3 Kf8 46. Qf5+
Ke7 47. Qh7+ Kd8 48. Qxh6 Rc1 49. Qf8 Qe7 50. Nf7+ Kd7 51. Ne5+ Ke6 52. Qg8+
Kd6 53. Qg6+ Kc7 54. Qd3 Rc4 55. Qb1 Nd6 56. Qa2 Nb5 57. Qa8 Qd8 58. Qa2 0-1

[Event "International chess holiday M21"]
[Site "Praha"]
[Date "2014.07.31"]
[Round "8"]
[White "Dalling, Peter"]
[Black "Bilek, Roman"]
[Result "1/2-1/2"]
[WhiteElo "1907"]
[BlackElo "1958"]

1. e4 c5 2. Nf3 e6 3. d4 cxd4 4. c3 dxc3 5. Nxc3 Nc6 6. Bc4 d6 7. Qe2
Nf6 8. h3 Be7 9. O-O O-O 10. Rd1 Qa5 11. Nb5 Rd8 12. Bd2 Qb6 13. Be3 Qa5 14.
Bd2 Qb6 1/2-1/2

[Event "International chess holiday M21"]
[Site "Praha"]
[Date "2014.07.31"]
[Round "8"]
[White "Gregor, Jiri"]
[Black "Nilsson, Patrik"]
[Result "0-1"]
[WhiteElo "2307"]
[BlackElo "2121"]

1. d4 f5 2. b3 Nf6 3. Bb2 d6 4. e3 g6 5. Be2 Bg7 6. h4 h6 7. Nh3 Be6 8.
Nf4 Bf7 9. Nd2 Nc6 10. d5 Ne5 11. Nf3 Nxd5 12. Kf1 Ng4 13. Bxg7 Ngxe3+ 14. fxe3
Nxe3+ 15. Ke1 Nxd1 16. Bxh8 Ne3 17. Kd2 Ng4 18. Nh2 Nf2 19. h5 g5 20. Ng6 Kd7
21. Bb2 Nxh1 22. Rxh1 Qg8 23. Nh8 g4 24. Nf1 Qg5+ 25. Kd1 Bd5 26. Rh2 g3 27.
Rh3 f4 0-1

[Event "International chess holiday M21"]
[Site "Praha"]
[Date "2014.07.31"]
[Round "8"]
[White "Barthel, Ansgar"]
[Black "Scherer, Frank"]
[Result "1/2-1/2"]
[WhiteElo "2226"]
[BlackElo "2063"]

1. e4 e5 2. Nf3 Nc6 3. Bc4 Bc5 4. d3 Nf6 5. Nc3 d6 6. Bg5 h6 7. Bxf6
Qxf6 8. Nd5 Qd8 9. c3 Ne7 10. Ne3 O-O 11. O-O Ng6 12. d4 Bb6 13. dxe5 dxe5 14.
Qxd8 Rxd8 1/2-1/2

[Event "International chess holiday M21"]
[Site "Praha"]
[Round "8"]
[White "Michalek, Frantisek"]
[Black "Hanl, Frantisek"]
[Result "1/2-1/2"]
[WhiteElo "2058"]
[BlackElo "1958"]

1. e4 c6 2. Nc3 d5 3. Nf3 dxe4 4. Nxe4 Nf6 5. Nxf6+ exf6 6. Bc4 Be7 7.
d4 O-O 8. c3 Nd7 9. Bf4 Nb6 10. Bd3 Bd6 11. Bxd6 Qxd6 12. O-O Bg4 13. h3 Bh5
14. g4 Bg6 15. Nh4 Bxd3 16. Qxd3 g6 17. Rae1 1/2-1/2

[Event "International chess holiday K21"]
[Site "Praha"]
[Date "2014.07.31"]
[Round "8"]
[White "Andersson, Stefan"]
[Black "Lammers, Frank"]
[Result "1-0"]
[WhiteElo "1902"]
[BlackElo "1999"]
[Annotator "Koller,Martin"]
[PlyCount "59"]
[TimeControl "240+2"]

1. d4 d5 2. c4 c6 3. Nf3 Nf6 4. e3 Bf5 5. Be2 h6 6. b3 e6 7. O-O Bd6 8.
Bb2 O-O 9. Nbd2 Nbd7 10. Rc1 Re8 11. Ne5 Ne4 12. f4 f6 13. Nef3 Nf8 14. Nh4 Bh7
15. Bh5 Re7 16. Rf3 g6 17. Nxe4 dxe4 18. Rg3 Rg7 19. d5 gxh5 20. Qxh5 Rxg3 21.
hxg3 Kg7 22. dxe6 Nxe6 23. Rd1 Qf8 24. g4 Be7 25. g5 Rd8 26. Rf1 Kh8 27. g6 Qg7
28. gxh7 Kxh7 29. Qf5+ Kh8 30. Ng6+ 1-0

[Event "International chess holiday K21"]
[Site "Praha"]
[Date "2014.07.31"]
[Round "8"]
[White "Reichmann, Steffen"]
[Black "Skopec, Lubos"]
[Result "1/2-1/2"]
[WhiteElo "1966"]
[BlackElo "1959"]
[Annotator "Koller,Martin"]
[PlyCount "41"]
[TimeControl "240+2"]

1. e4 c5 2. Nc3 Nc6 3. f4 g6 4. Bb5 Bg7 5. Bxc6 dxc6 6. Nf3 Nf6 7. O-O
O-O 8. d3 Qc7 9. Qe1 b6 10. Qh4 Bd7 11. e5 Nd5 12. Ne4 f6 13. e6 Bxe6 14. Neg5
fxg5 15. Nxg5 Rf6 16. Qxh7+ Kf8 17. c4 Bg8 18. Qh4 Rd8 19. cxd5 Rxd5 20. Bd2
Rfd6 21. Ne4 1/2-1/2

[Event "International chess holiday K21"]
[Site "Praha"]
[Date "2014.07.31"]
[Round "8"]
[White "Schoenmakers, Nico"]
[Black "Klamp, Cristoph"]
[Result "1-0"]
[WhiteElo "1885"]
[BlackElo "2053"]
[Annotator "Koller,Martin"]
[PlyCount "81"]
[TimeControl "240+2"]

1. d4 c6 2. e4 d5 3. e5 Bf5 4. Nf3 e6 5. c3 Qb6 6. a3 c5 7. Bd3 Ne7 8.
b4 cxd4 9. cxd4 Nd7 10. Bb2 Bxd3 11. Qxd3 Nf5 12. O-O Be7 13. Nbd2 a5 14. b5 a4
15. Rab1 O-O 16. Rfc1 f6 17. exf6 Rxf6 18. Nf1 Nd6 19. Ne3 Qd8 20. Bc3 Nb6 21.
Nd2 Qd7 22. Bb4 Raf8 23. f3 Rf4 24. Bc5 Ndc8 25. Ng4 Bd6 26. g3 R4f5 27. f4 g5
28. Nh6+ Kh8 29. Nxf5 Rxf5 30. fxg5 Rxg5 31. Bxd6 Nxd6 32. Nf3 Rg8 33. Ne5 Qg7
34. Rf1 Nbc4 35. Rbe1 Rc8 36. Nxc4 dxc4 37. Qe3 Nxb5 38. Rf4 c3 39. Qxe6 Rd8
40. Rg4 Nxd4 41. Qe8+ 1-0

[Event "International chess holiday K21"]
[Site "Praha"]
[Date "2014.07.31"]
[Round "8"]
[White "Vesely, Jaromir"]
[Black "Koubek, Vaclav"]
[Result "1-0"]
[WhiteElo "1949"]
[BlackElo "2033"]
[Annotator "Koller,Martin"]
[PlyCount "86"]
[TimeControl "240+2"]

1. d4 Nf6 2. c4 g6 3. g3 Bg7 4. Bg2 O-O 5. e4 d6 6. Nc3 e5 7. Nge2 Nc6
8. O-O exd4 9. Nxd4 Nxd4 10. Qxd4 Be6 11. Qd3 Nd7 12. b3 Nc5 13. Qc2 a5 14. Bb2
c6 15. Rad1 Qc7 16. Ne2 Rad8 17. Bxg7 Kxg7 18. Nd4 Bc8 19. Rd2 Ne6 20. Qc3 Nxd4
21. Qxd4+ Kg8 22. Rfd1 Bg4 23. Re1 b5 24. cxb5 cxb5 25. Qd3 Qb6 26. h3 Be6 27.
Rc1 a4 28. bxa4 bxa4 29. Qa3 Qb5 30. Rd4 d5 31. Qxa4 Qb2 32. Rcd1 Ra8 33. Qb3
Qxb3 34. axb3 dxe4 35. b4 f5 36. b5 Rfb8 37. Bf1 Rb6 38. Rd6 Rab8 39. Rxe6 Rxe6
40. Bc4 Kf7 41. Rd6 1-0

[Event "International chess holiday K21"]
[Site "Praha"]
[Date "2014.07.31"]
[Round "8"]
[White "Wolf, Ulrich"]
[Black "Thomasson, Staffan"]
[Result "1/2-1/2"]
[WhiteElo "2071"]
[BlackElo "1882"]
[Annotator "Koller,Martin"]
[PlyCount "63"]
[TimeControl "240+2"]

1. Nf3 Nf6 2. c4 e6 3. b3 Be7 4. Bb2 O-O 5. g3 d5 6. Bg2 c5 7. e3 Nc6
8. O-O a6 9. cxd5 exd5 10. d4 Bg4 11. h3 Bh5 12. g4 Bg6 13. dxc5 Bxc5 14. Nd4
Be4 15. Nxc6 bxc6 16. Bd4 Bd6 17. Nc3 Bxg2 18. Kxg2 Nd7 19. Ne2 Re8 20. Rc1 Rc8
21. Qd3 h5 22. Rh1 Qg5 23. Rcg1 c5 24. Bb2 h4 25. Rb1 Nb6 26. Qxa6 Bc7 27. Qd3
d4 28. exd4 Nd5 29. Bc1 Qe7 30. dxc5 Rcd8 31. Qf3 Qxe2 32. 1/2-1/2

[Event "International chess holiday M21"]
[Site "Praha"]
[Date "2014.08.01"]
[Round "9"]
[White "Hanl , Frantisek"]
[Black "Barthel, Ansgar"]
[Result "0-1"]
[WhiteElo "1958"]
[BlackElo "2226"]
[Annotator "Koller,Martin"]
[PlyCount "30"]
[TimeControl "240+2"]

1. e4 Nf6 2. e5 Nd5 3. d4 d6 4. c4 Nb6 5. f4 dxe5 6. fxe5 Nc6 7. Be3
Bf5 8. Nc3 e6 9. Nf3 Bg4 10. Be2 Bxf3 11. gxf3 Qh4+ 12. Bf2 Qf4 13. Qd2 Qxd2+
14. Kxd2 O-O-O 15. c5 Bxc5 0-1

[Event "International chess holiday M21"]
[Site "Praha"]
[Date "2014.08.01"]
[Round "9"]
[White "Scherer, Frank"]
[Black "Dalling, Peter"]
[Result "1/2-1/2"]
[WhiteElo "2063"]
[BlackElo "1907"]
[Annotator "Koller,Martin"]
[PlyCount "105"]
[TimeControl "240+2"]

1. e4 e5 2. d4 exd4 3. Qxd4 Nc6 4. Qe3 Bb4+ 5. Nc3 Bxc3+ 6. Qxc3 Qf6 7.
Bd2 Qxc3 8. Bxc3 f6 9. O-O-O d6 10. Ne2 Nge7 11. Nf4 Ne5 12. Nh5 Bg4 13. Nxg7+
Kf7 14. f3 Kxg7 15. Bxe5 fxe5 16. fxg4 Rhf8 17. Be2 Ng6 18. h4 Nf4 19. Bf3 Rf7
20. g5 Raf8 21. h5 a5 22. c3 b5 23. Rd2 Ne6 24. g6 Rf4 25. gxh7 Kxh7 26. Rd5
Nc5 27. Re1 R8f6 28. b4 axb4 29. cxb4 c6 30. Rd2 Nb7 31. Red1 Kg7 32. a3 Kf7
33. Kb2 Ke7 34. Rc2 c5 35. bxc5 Nxc5 36. Rxc5 dxc5 37. Rd5 b4 38. Rxe5+ Kd6 39.
Rd5+ Kc6 40. axb4 cxb4 41. Rd3 Kc5 42. Kb3 Rb6 43. Rd5+ Kc6 44. Rg5 Kd7 45.
Rg7+ Ke8 46. Rc7 Rf7 47. Rc8+ Ke7 48. Rc4 Kf6 49. Rxb4 Rxb4+ 50. Kxb4 Rc7 51.
Kb5 Ke5 52. Kb6 Rc1 53. Kb5 1/2-1/2

[Event "International chess holiday K21"]
[Site "Praha"]
[Date "2014.08.01"]
[Round "9"]
[White "Koubek, Vaclav"]
[Black "Schoenmakers, Nico"]
[Result "1-0"]
[WhiteElo "2033"]
[BlackElo "1885"]
[Annotator "Koller,Martin"]
[PlyCount "91"]
[TimeControl "240+2"]

1. e4 e5 2. Nf3 Nc6 3. Bc4 Be7 4. O-O Nf6 5. d3 d6 6.
c3 O-O 7. Bb3 Bg4 8. h3 Bh5 9. Nbd2 h6 10. g4 Bg6 11. Nh4 Bh7 12. Nf5 d5 13.
Qe2 dxe4 14. Nxe7+ Qxe7 15. Nxe4 Nxe4 16. dxe4 a6 17. f3 Rad8 18. Be3 Nb8 19.
Kh2 Nd7 20. Rg1 Kh8 21. g5 hxg5 22. Rxg5 Nc5 23. Bc2 f6 24. Rg4 Ne6 25. Rag1 f5
26. exf5 Bxf5 27. Bg5 Nxg5 28. Rxg5 Bxc2 29. Qxc2 e4 30. fxe4 Qf7 31. Qg2 Qf4+
32. Kh1 Qf3 33. Rxg7 Rd3 34. Rg3 Qxg2+ 35. R1xg2 Rf1+ 36. Kh2 Rdd1 37. Rg8+ Kh7
38. R8g7+ Kh8 39. Rxc7 Rh1+ 40. Kg3 Rd3+ 41. Kf4 Rhxh3 42. Rxb7 Rh4+ 43. Rg4
Rh6 44. e5 Rd2 45. Ke3 Rd1 46. Rd4 1-0